000 00333nam a2200133Ia 4500
003 PILC
008 220421s2012 xx 000 0 und d
040 _cEARIST LIBRARY
100 _aJonelta & Dalta
_9477
245 0 _aFilipino Christian Living 2 /
260 _aMindshapers co. Inc. ,
_c2012.
999 _c1798
_d1798
942 _2ddc
_cBK